000 00305nam a22001337a 4500
008 170607b xxu||||| |||| 00| 0 eng d
020 _a9781930398023
041 _aeng
080 _a32
100 _a18
101 _aSHP
245 _aCIVIL RIGHT CIVIL LIBERTIES
_cO BREIN .D.M
942 _2udc
_cBK
999 _c16336
_d16336